000 00620nam a2200241Ia 4500
003 OSt
005 20221006144819.0
006 a|||||r|||| 00| 0
007 ta
008 221006b |||||||| |||| 00| 0 eng d
020 _c26.00
024 _a12,809
037 _cTextual
040 _aEASL
_cEASL
_beng
041 _2eng
_aeng
082 _aV41:19431.N7, M0;1
100 _aKAUL T N
245 0 _aIndia, China and Indochina
260 _aNew Delhi
_bAllied Pub.
_c1980
300 _a162p.
_ccm.
942 _hV41:19431.N7, M0;1
_cTEXL
_2CC
999 _c1080895
_d1080895